[Event "Khanty-Mansiysk TOP 28 Blitz GP (Women)"]
[Site "Khanty-Mansiysk"]
[Date "2023.12.04"]
[Round "11"]
[White "Borisova, Ekaterina"]
[Black "Kabanova, Ekaterina"]
[Result "1/2-1/2"]
[WhiteElo "2168"]
[BlackElo "2040"]
[PlyCount "132"]
[EventDate "2023.12.04"]
[EventType "tourn (blitz)"]
[EventRounds "13"]
[EventCountry "RUS"]
[SourceTitle "CB49_2023"]
[SourceDate "2023.12.06"]
[SourceVersion "1"]
[SourceVersionDate "2023.12.06"]
[SourceQuality "1"]

1. d4 c5 2. d5 e5 3. e4 d6 4. Nc3 Ne7 5. Bb5+ Bd7 6. a4 a6 7. Be2 Ng6 8. g3 Be7 9. Nf3 Bh3 10. Nd2 0-0 11. Nc4 Nd7 12. a5 Rb8 13. Bg4 Bxg4 14. Qxg4 Nf6 15. Qe2 Nd7 16. h4 Re8 17. Ra3 h6 18. 0-0 Nf6 19. Na4 Nd7 20. Rb3 Rf8 21. h5 Nh8 22. Rf3 Qc7 23. Kg2 Nf6 24. Rb3 Nd7 25. Rf3 Nf6 26. Rh1 Nh7 27. Rb3 Bg5 28. f4 exf4 29. gxf4 Bf6 30. Rb6 Rbd8 31. Bd2 Rfe8 32. Qf3 Bd4 33. c3 Bf6 34. Rh3 Kf8 35. Be1 Qe7 36. Nd2 Qd7 37. b3 Rb8 38. Bg3 Bd8 39. e5 Bxb6 40. Nxb6 Qd8 41. Ne4 dxe5 42. fxe5 Ng5 43. Nxg5 Qxg5 44. Nd7+ Kg8 45. Nxb8 Rxb8 46. Qf4 Qe7 47. Rh1 c4 48. b4 Rd8 49. Rd1 Qd7 50. Qxc4 Qf5 51. Rf1 Qxh5 52. d6 Ng6 53. Qxf7+ Kh7 54. Qf5 Qe2+ 55. Rf2 Qc4 56. e6 Qc6+ 57. Qf3 Qb5 58. e7 Rxd6 59. Bxd6 Nh4+ 60. Kg3 Nxf3 61. Rxf3 Qg5+ 62. Kh3 Qh5+ 63. Kg2 Qg5+ 64. Kh3 Qh5+ 65. Kg2 Qg5+ 66. Kh3 Qh5+ 1/2-1/2

[Event "Khanty-Mansiysk TOP 28 Blitz GP (Women)"]
[Site "Khanty-Mansiysk"]
[Date "2023.12.04"]
[Round "7"]
[White "Ovod, Evgenija"]
[Black "Kabanova, Ekaterina"]
[Result "1-0"]
[WhiteElo "2260"]
[BlackElo "2040"]
[PlyCount "59"]
[EventDate "2023.12.04"]
[EventType "tourn (blitz)"]
[EventRounds "13"]
[EventCountry "RUS"]
[SourceTitle "CB49_2023"]
[SourceDate "2023.12.06"]
[SourceVersion "1"]
[SourceVersionDate "2023.12.06"]
[SourceQuality "1"]

1. d4 c5 2. e3 e6 3. Nf3 Nf6 4. c4 Qc7 5. b3 Be7 6. Bb2 0-0 7. Bd3 d6 8. 0-0 Nbd7 9. Nc3 a6 10. a4 b6 11. d5 e5 12. Qc2 Re8 13. Nd2 Rb8 14. f4 exf4 15. exf4 Ng4 16. Rae1 Ngf6 17. Nce4 Bb7 18. Ng5 h6 19. Bh7+ Kf8 20. Bg6 hxg5 21. fxg5 fxg6 22. Qxg6 Ne5 23. Bxe5 dxe5 24. Ne4 Qd8 25. gxf6 Bxf6 26. Nxf6 gxf6 27. Rxf6+ Qxf6 28. Qxf6+ Kg8 29. Re4 Bc8 30. Rh4 1-0

[Event "Khanty-Mansiysk TOP 28 Rapid GP (Women)"]
[Site "Khanty-Mansiysk"]
[Date "2023.12.03"]
[Round "13"]
[White "Kabanova, Ekaterina"]
[Black "Yakimova, Mariya"]
[Result "0-1"]
[WhiteElo "2040"]
[BlackElo "2231"]
[PlyCount "68"]
[EventDate "2023.12.01"]
[EventType "tourn (rapid)"]
[EventRounds "13"]
[EventCountry "RUS"]
[SourceTitle "CB49_2023"]
[SourceDate "2023.12.06"]
[SourceVersion "1"]
[SourceVersionDate "2023.12.06"]
[SourceQuality "1"]

1. d4 Nf6 2. Nf3 g6 3. Bf4 Bg7 4. e3 0-0 5. Nbd2 d6 6. Be2 b6 7. 0-0 Bb7 8. c3 Nbd7 9. Qc2 Re8 10. Bc4 e5 11. dxe5 dxe5 12. Bg5 Qe7 13. e4 h6 14. Bxf6 Nxf6 15. Rfe1 Nh5 16. Bd5 Bxd5 17. exd5 Qd7 18. c4 f5 19. Nf1 e4 20. N3d2 Nf4 21. Rab1 Qd8 22. Nb3 Qg5 23. g3 Nd3 24. Red1 a5 25. Qd2 Qg4 26. a4 Ne5 27. Nd4 Rad8 28. b3 c5 29. dxc6 Rxd4 30. Qc2 Nxc6 31. Ne3 Qf3 32. Nd5 Rxd1+ 33. Rxd1 Nd4 34. Qa2 Qxd1+ 0-1

[Event "Khanty-Mansiysk TOP 28 Rapid GP (Women)"]
[Site "Khanty-Mansiysk"]
[Date "2023.12.01"]
[Round "3"]
[White "Zhurova, Anna"]
[Black "Kabanova, Ekaterina"]
[Result "0-1"]
[WhiteElo "2149"]
[BlackElo "2040"]
[PlyCount "60"]
[EventDate "2023.12.01"]
[EventType "tourn (rapid)"]
[EventRounds "13"]
[EventCountry "RUS"]
[SourceTitle "CB49_2023"]
[SourceDate "2023.12.06"]
[SourceVersion "1"]
[SourceVersionDate "2023.12.06"]
[SourceQuality "1"]

1. e4 c5 2. Nf3 e6 3. d4 cxd4 4. Nxd4 a6 5. c4 Qc7 6. a3 b6 7. Nc3 Bb7 8. Be3 Nf6 9. f3 d6 10. Rc1 Nbd7 11. Be2 Be7 12. 0-0 0-0 13. b4 Rac8 14. Qd2 Rfe8 15. Rfd1 Qb8 16. Bf1 Bd8 17. Kh1 Bc7 18. Nb3 Rcd8 19. a4 d5 20. cxd5 exd5 21. Nxd5 Bxh2 22. Nxf6+ Nxf6 23. Qb2 Nh5 24. g4 Ng3+ 25. Kg2 Rxd1 26. Rxd1 Nxe4 27. Nd4 Nf6 28. Kh1 Bg3 29. Bg1 Qe5 30. Bh3 Bxf3+ 0-1

[Event "RUS-ch Rapid (Women)"]
[Site "Sochi"]
[Date "2023.10.16"]
[Round "6"]
[White "Kabanova, Ekaterina"]
[Black "Satanovskaia, Evgeniia"]
[Result "1/2-1/2"]
[WhiteElo "2040"]
[BlackElo "1849"]
[PlyCount "160"]
[EventDate "2023.10.15"]
[EventType "swiss (rapid)"]
[EventRounds "11"]
[EventCountry "RUS"]
[SourceTitle "Mega2024 Update 01"]
[Source "Chessbase"]
[SourceDate "2023.11.12"]
[SourceVersion "1"]
[SourceVersionDate "2023.11.12"]
[SourceQuality "1"]

1. e4 e5 2. Nf3 Nc6 3. Bb5 g6 4. 0-0 Bg7 5. c3 a6 6. Ba4 Nge7 7. d4 exd4 8. cxd4 0-0 9. h3 d5 10. e5 f6 11. Re1 fxe5 12. Nxe5 Nxe5 13. dxe5 b5 14. Bb3 c5 15. Bg5 c4 16. Bc2 Be6 17. Nc3 Qc7 18. Bxe7 Qxe7 19. Nxd5 Qc5 20. Nf6+ Bxf6 21. exf6 Rxf6 22. Re3 Raf8 23. Qe2 Bd5 24. Re1 b4 25. Rf1 c3 26. bxc3 bxc3 27. Bd3 a5 28. Re8 Rxe8 29. Qxe8+ Rf8 30. Qe5 Qc6 31. f3 Re8 32. Qd4 Rc8 33. a3 Qc5 34. Qxc5 Rxc5 35. Rc1 Kg7 36. Kf2 Bb3 37. Ke3 Rc7 38. Bc2 Be6 39. Kd4 Rc4+ 40. Kd3 Rc7 41. g4 Bd5 42. Bd1 Rf7 43. Ke3 Rc7 44. Kd4 Be6 45. Be2 c2 46. Bd3 Bb3 47. Ke3 a4 48. Kd2 Rd7 49. Kc3 Rc7+ 50. Kb2 Rf7 51. Be4 h6 52. Rf1 Rc7 53. Kc1 Rd7 54. Bxc2 Rc7 55. Rf2 Rc3 56. Kb2 Re3 57. Be4 Kf6 58. h4 g5 59. hxg5+ hxg5 60. Rd2 Be6 61. Bc6 Rb3+ 62. Kc2 Rxa3 63. Rd4 Ra2+ 64. Kc3 a3 65. Bd5 Bxd5 66. Rxd5 Rf2 67. Rf5+ Kg6 68. Kd4 a2 69. Ra5 Rxf3 70. Rxa2 Rf4+ 71. Ke3 Rxg4 72. Kf3 Rg1 73. Kf2 Rc1 74. Ra3 Kh5 75. Kg3 Rg1+ 76. Kh2 Rg4 77. Kh3 Rh4+ 78. Kg3 Rg4+ 79. Kh3 Rb4 80. Kg3 Rc4 1/2-1/2

[Event "RUS-ch Rapid (Women)"]
[Site "Sochi"]
[Date "2023.10.16"]
[Round "7"]
[White "Tabermakova, Leila"]
[Black "Kabanova, Ekaterina"]
[Result "0-1"]
[WhiteElo "1887"]
[BlackElo "2040"]
[PlyCount "92"]
[EventDate "2023.10.15"]
[EventType "swiss (rapid)"]
[EventRounds "11"]
[EventCountry "RUS"]
[SourceTitle "Mega2024 Update 01"]
[Source "Chessbase"]
[SourceDate "2023.11.12"]
[SourceVersion "1"]
[SourceVersionDate "2023.11.12"]
[SourceQuality "1"]

1. e4 c5 2. Nf3 e6 3. d4 cxd4 4. Nxd4 a6 5. Bd3 Qc7 6. Qe2 b5 7. f4 Bb7 8. Be3 Nf6 9. Nd2 d6 10. 0-0 Nbd7 11. Bf2 Be7 12. Rae1 g6 13. Kh1 e5 14. N4b3 Nh5 15. Be3 Nxf4 16. Bxf4 exf4 17. Rxf4 Ne5 18. Nf3 0-0 19. Nxe5 dxe5 20. Rf3 Rae8 21. Ref1 Rc8 22. Nd2 Bg5 23. Nb1 Bf4 24. Nc3 Qc5 25. Qf2 Qxf2 26. R1xf2 Rc5 27. Ne2 Bg5 28. Rf1 f5 29. Ng3 f4 30. Ne2 Be7 31. g3 g5 32. gxf4 exf4 33. Rg1 Kf7 34. a3 Bf6 35. b3 Re8 36. Rh3 Bxe4+ 37. Bxe4 Rxe4 38. Nc1 Kg6 39. Nd3 Rxc2 40. Rf3 Kf5 41. Rh3 Rc3 42. Rd1 Rd4 43. Kg2 Rxb3 44. Nf2 Rxd1 45. Rxb3 Rd2 46. Kf1 Bd4 0-1

[Event "RUS-ch Blitz (Women)"]
[Site "Sochi"]
[Date "2023.10.14"]
[Round "10"]
[White "Obolentseva, Alexandra"]
[Black "Kabanova, Ekaterina"]
[Result "1-0"]
[WhiteElo "2323"]
[BlackElo "2040"]
[PlyCount "56"]
[EventDate "2023.10.14"]
[EventType "swiss (blitz)"]
[EventRounds "13"]
[EventCountry "RUS"]
[SourceTitle "Mega2024 Update 01"]
[Source "Chessbase"]
[SourceDate "2023.11.12"]
[SourceVersion "1"]
[SourceVersionDate "2023.11.12"]
[SourceQuality "1"]

1. d4 c5 2. d5 e5 3. c4 d6 4. Nc3 Ne7 5. e4 Ng6 6. Bd3 Be7 7. Nge2 Bg5 8. 0-0 0-0 9. a3 Nd7 10. b4 a6 11. Bc2 Bxc1 12. Qxc1 Qh4 13. Qe3 b6 14. Ba4 Nf6 15. Qg3 Qh6 16. Bc6 Rb8 17. Rad1 Nf4 18. f3 Nxe2+ 19. Nxe2 Qe3+ 20. Qf2 Qxa3 21. Ra1 Qxb4 22. Qe3 Qxc4 23. Rfc1 Qb4 24. Rcb1 Qc4 25. Ra4 Qc2 26. Nc3 c4 27. Rxc4 b5 28. Rcb4 Bb7 1-0

[Event "RUS-ch Blitz (Women)"]
[Site "Sochi"]
[Date "2023.10.14"]
[Round "4"]
[White "Ovod, Evgenija"]
[Black "Kabanova, Ekaterina"]
[Result "1-0"]
[WhiteElo "2256"]
[BlackElo "2040"]
[PlyCount "103"]
[EventDate "2023.10.14"]
[EventType "swiss (blitz)"]
[EventRounds "13"]
[EventCountry "RUS"]
[SourceTitle "Mega2024 Update 01"]
[Source "Chessbase"]
[SourceDate "2023.11.12"]
[SourceVersion "1"]
[SourceVersionDate "2023.11.12"]
[SourceQuality "1"]

1. e4 c5 2. Nf3 e6 3. c4 a6 4. Nc3 Qc7 5. a3 b6 6. d4 cxd4 7. Nxd4 Bb7 8. Be2 Nf6 9. f3 h6 10. Be3 d6 11. 0-0 Nbd7 12. Qd2 Be7 13. b4 Rc8 14. Rac1 Qb8 15. Kh1 0-0 16. Rc2 Ne5 17. Na4 Ned7 18. Rfc1 Rfe8 19. Nb3 Qc7 20. Bf1 Red8 21. Qf2 Rb8 22. Nxb6 Bxe4 23. Nxd7 Bxc2 24. Nxf6+ Bxf6 25. Rxc2 Be5 26. f4 Bf6 27. c5 Ra8 28. c6 Rdb8 29. Na5 d5 30. Bd4 Bxd4 31. Qxd4 Rd8 32. g3 f6 33. Bg2 Rac8 34. h3 Re8 35. Kh2 Qd6 36. Rc5 Kh8 37. Bf1 Ra8 38. Bg2 Rac8 39. Nb7 Qc7 40. a4 Kg8 41. b5 axb5 42. axb5 Qf7 43. Nd6 Qc7 44. Nxe8 Rxe8 45. f5 exf5 46. Qxd5+ Kh8 47. Qxf5 Re2 48. Rc2 Re3 49. Qf4 Re5 50. b6 Qxb6 51. c7 Rc5 52. c8Q+ 1-0

[Event "Moscow (Women) op 19th"]
[Site "Moscow"]
[Date "2023.07.21"]
[Round "6"]
[White "Voit, Daria"]
[Black "Kabanova, Ekaterina"]
[Result "1-0"]
[WhiteElo "2355"]
[BlackElo "2088"]
[PlyCount "105"]
[EventDate "2023.07.17"]
[EventType "swiss"]
[EventRounds "9"]
[EventCountry "RUS"]
[SourceTitle "CBM 215 Extra"]
[Source "ChessBase"]
[SourceDate "2023.09.30"]
[SourceVersion "1"]
[SourceVersionDate "2023.09.30"]
[SourceQuality "1"]

1. d4 Nf6 2. c4 e6 3. Nc3 d5 4. cxd5 exd5 5. Bg5 c6 6. e3 h6 7. Bh4 Be7 8. Bd3 0-0 9. f3 Re8 10. Nge2 b6 11. 0-0 Nbd7 12. Bf2 c5 13. Qd2 Bb7 14. Rad1 a6 15. Bb1 Qc7 16. Qc2 Bd6 17. h3 Rac8 18. Rfe1 Nf8 19. a3 Qb8 20. Ba2 Red8 21. Rd2 Ng6 22. Red1 c4 23. e4 dxe4 24. fxe4 Ba8 25. Kh1 Qb7 26. Bb1 Re8 27. d5 Nh5 28. Rf1 b5 29. Rdd1 Qe7 30. Qd2 Qe5 31. Bg1 Nh4 32. Qe1 Qg5 33. Qf2 f5 34. Bh2 f4 35. Nd4 Qf6 36. Nf3 Nxf3 37. Qxf3 Qe5 38. Ne2 Rf8 39. Nd4 c3 40. bxc3 Bxa3 41. Nf5 Ng3+ 42. Bxg3 fxg3 43. c4 Bc5 44. cxb5 axb5 45. Rc1 Bf2 46. Rxc8 Rxc8 47. Nxh6+ Kh7 48. Nf7 Qc3 49. Ng5+ Kh6 50. Qf4 g6 51. Ne6+ Kh7 52. e5 Kg8 53. Bxg6 1-0

[Event "RUS GP Top 28 Rapid (Women)"]
[Site "Khanty-Mansiysk"]
[Date "2022.12.03"]
[Round "11"]
[White "Mikheeva, Galina"]
[Black "Kabanova, Ekaterina"]
[Result "1/2-1/2"]
[WhiteElo "2059"]
[BlackElo "2088"]
[PlyCount "88"]
[EventDate "2022.12.01"]
[EventType "tourn (rapid)"]
[EventRounds "13"]
[EventCountry "RUS"]
[SourceTitle "CBM 211 Extra"]
[Source "ChessBase"]
[SourceDate "2023.01.31"]
[SourceVersion "1"]
[SourceVersionDate "2023.01.31"]
[SourceQuality "1"]

1. e4 d6 2. d4 Nf6 3. Nc3 g6 4. Bc4 Bg7 5. Nf3 c6 6. 0-0 0-0 7. a4 d5 8. Bd3 dxe4 9. Nxe4 Nxe4 10. Bxe4 Nd7 11. c3 e5 12. dxe5 Nxe5 13. Nxe5 Bxe5 14. Qxd8 Rxd8 15. Be3 Be6 16. a5 f5 17. Bf3 a6 18. Bb6 Re8 19. Rfe1 Bb3 20. g3 Kf7 21. Ra3 Bc4 22. Ra4 Bd3 23. Raa1 Bf6 24. Red1 Bc2 25. Rd7+ Re7 26. Rd2 Bb3 27. Bc5 Re5 28. Rd7+ Ke6 29. Rxb7 Rxc5 30. Rxb3 Ra7 31. Rb6 Kd6 32. Be2 Bd8 33. Rd1+ Ke7 34. Rxa6 Rxa6 35. Bxa6 Rxa5 36. Bc4 Rc5 37. Bg8 h6 38. Kg2 Bb6 39. Ba2 Re5 40. Bc4 f4 41. Kf3 fxg3 42. fxg3 Re3+ 43. Kg2 Re4 44. Bd3 Re6 1/2-1/2

[Event "RUS GP Top 28 Rapid (Women)"]
[Site "Khanty-Mansiysk"]
[Date "2022.12.03"]
[Round "13"]
[White "Semenova, Elena"]
[Black "Kabanova, Ekaterina"]
[Result "1-0"]
[WhiteElo "2282"]
[BlackElo "2088"]
[PlyCount "51"]
[EventDate "2022.12.01"]
[EventType "tourn (rapid)"]
[EventRounds "13"]
[EventCountry "RUS"]
[SourceTitle "CBM 211 Extra"]
[Source "ChessBase"]
[SourceDate "2023.01.31"]
[SourceVersion "1"]
[SourceVersionDate "2023.01.31"]
[SourceQuality "1"]

1. e4 d6 2. d4 g6 3. Nc3 Bg7 4. f4 c6 5. Nf3 Nf6 6. e5 Nd5 7. Bc4 Nxc3 8. bxc3 0-0 9. 0-0 b5 10. Bd3 Nd7 11. Qe1 Nb6 12. Qh4 f6 13. f5 Bxf5 14. Bxf5 gxf5 15. Bh6 Bxh6 16. Qxh6 Rf7 17. e6 Rg7 18. Nh4 Nd5 19. Rxf5 Qa5 20. Rxd5 Qxc3 21. Rf1 cxd5 22. Nf5 Rg4 23. Nxe7+ Kh8 24. Qxf6+ Rg7 25. Qf8+ Rg8 26. Ng6+ 1-0

[Event "RUS GP Top 28 Rapid (Women)"]
[Site "Khanty-Mansiysk"]
[Date "2022.12.02"]
[Round "8"]
[White "Kabanova, Ekaterina"]
[Black "Vasilevich, Irina"]
[Result "1-0"]
[WhiteElo "2088"]
[BlackElo "2247"]
[PlyCount "63"]
[EventDate "2022.12.01"]
[EventType "tourn (rapid)"]
[EventRounds "13"]
[EventCountry "RUS"]
[SourceTitle "CBM 211 Extra"]
[Source "ChessBase"]
[SourceDate "2023.01.31"]
[SourceVersion "1"]
[SourceVersionDate "2023.01.31"]
[SourceQuality "1"]

1. d4 Nf6 2. Nf3 e6 3. Bf4 c5 4. e3 Nc6 5. c3 Be7 6. Bd3 Nh5 7. Bg3 Nxg3 8. hxg3 h6 9. Nbd2 b6 10. e4 cxd4 11. cxd4 Nb4 12. Be2 Ba6 13. Bxa6 Nxa6 14. a3 0-0 15. 0-0 f5 16. Rc1 Nc7 17. Qc2 fxe4 18. Qxc7 exf3 19. Nxf3 Bf6 20. Qb7 Rf7 21. Rc7 Rb8 22. Qxa7 Ra8 23. Qxb6 Rb8 24. Qd6 Rxb2 25. Rfc1 Kh7 26. Qf4 Rb8 27. Qe4+ Kg8 28. a4 d5 29. Qxe6 Qf8 30. Rc8 Rxc8 31. Rxc8 Bd8 32. Ne5 1-0

[Event "RUS GP Top 28 Rapid (Women)"]
[Site "Khanty-Mansiysk"]
[Date "2022.12.01"]
[Round "5"]
[White "Nasyrova, Ekaterina"]
[Black "Kabanova, Ekaterina"]
[Result "1-0"]
[WhiteElo "2056"]
[BlackElo "2088"]
[PlyCount "67"]
[EventDate "2022.12.01"]
[EventType "tourn (rapid)"]
[EventRounds "13"]
[EventCountry "RUS"]
[SourceTitle "CBM 211 Extra"]
[Source "ChessBase"]
[SourceDate "2023.01.31"]
[SourceVersion "1"]
[SourceVersionDate "2023.01.31"]
[SourceQuality "1"]

1. d4 d5 2. c4 dxc4 3. e3 a6 4. a4 Nf6 5. Bxc4 e6 6. Nf3 c5 7. 0-0 Nbd7 8. Qe2 Qc7 9. Nc3 cxd4 10. exd4 Nb6 11. Bb3 Bb4 12. Bd2 0-0 13. a5 Nbd5 14. Nxd5 Nxd5 15. Bxd5 Bxd2 16. Qxd2 exd5 17. Qb4 Qf4 18. Ra3 Re8 19. Qb6 Rb8 20. Ne5 f6 21. Nd3 Qd2 22. Qd6 Be6 23. Qb4 Qg5 24. Nc5 Bg4 25. h3 Be2 26. Re1 Qf4 27. Rg3 h5 28. Qc3 b6 29. axb6 Rxb6 30. Re3 Rxe3 31. fxe3 Qg3 32. Rxe2 f5 33. Nd7 Rg6 34. Qc8+ 1-0

[Event "RUS GP Top 28 Rapid (Women)"]
[Site "Khanty-Mansiysk"]
[Date "2022.12.01"]
[Round "3"]
[White "Obolentseva, Alexandra"]
[Black "Kabanova, Ekaterina"]
[Result "0-1"]
[WhiteElo "2330"]
[BlackElo "2088"]
[PlyCount "106"]
[EventDate "2022.12.01"]
[EventType "tourn (rapid)"]
[EventRounds "13"]
[EventCountry "RUS"]
[SourceTitle "CBM 211 Extra"]
[Source "ChessBase"]
[SourceDate "2023.01.31"]
[SourceVersion "1"]
[SourceVersionDate "2023.01.31"]
[SourceQuality "1"]

1. d4 d6 2. Nf3 g6 3. c4 Bg7 4. Nc3 e5 5. e4 Nd7 6. Be2 Ne7 7. h4 exd4 8. Nxd4 h5 9. Be3 Ne5 10. f3 N7c6 11. Nd5 Nxd4 12. Bxd4 c6 13. Ne3 Bf6 14. 0-0 Bxh4 15. f4 Bg3 16. Rf3 Nxf3+ 17. Bxf3 0-0 18. f5 Qh4 19. Nf1 Bf4 20. Qe2 Bd7 21. g3 Qg5 22. Qg2 Be5 23. Be3 Qf6 24. g4 hxg4 25. Qxg4 Bd4 26. Rd1 Bxe3+ 27. Nxe3 Rad8 28. Qg2 Bc8 29. Ng4 Qg5 30. Kf2 f6 31. Qh2 Kg7 32. Rxd6 Rxd6 33. Qxd6 gxf5 34. Qc7+ Kg6 35. exf5+ Bxf5 36. Qe7 Rf7 37. Qe2 Rd7 38. Qe8+ Kg7 39. Ne3 Rd2+ 40. Ke1 Rd7 41. Kf2 Qf4 42. Ke2 Rf7 43. Kf2 Bg6 44. Qe6 Qd4 45. b3 Rd7 46. Bg4 Qf4+ 47. Kg1 Qg3+ 48. Kh1 Qe1+ 49. Kg2 Rd2+ 50. Kf3 Rf2+ 51. Kg3 Qg1+ 52. Kh4 Rh2+ 53. Bh3 Qg5# 0-1

[Event "Speed Chess Q2"]
[Site "Chess.com INT"]
[Date "2022.11.12"]
[Round "9"]
[White "Gheorghiu, Calin"]
[Black "Kabanova, Ekaterina"]
[Result "0-1"]
[WhiteElo "2300"]
[BlackElo "2088"]
[PlyCount "80"]
[EventDate "2022.11.12"]
[EventType "swiss (blitz)"]
[EventRounds "14"]
[EventCountry "USA"]
[SourceTitle "CBM 211 Extra"]
[Source "ChessBase"]
[SourceDate "2023.01.31"]
[SourceVersion "1"]
[SourceVersionDate "2023.01.31"]
[SourceQuality "1"]

1. d4 c5 2. d5 e5 3. c4 a6 4. Nc3 d6 5. e4 Ne7 6. Nf3 Bg4 7. h3 Bxf3 8. Qxf3 Ng6 9. g3 Be7 10. h4 h6 11. Bh3 0-0 12. 0-0 Re8 13. a4 b6 14. Ra3 Nd7 15. Rb3 Rb8 16. Bf5 Ngf8 17. Bxh6 gxh6 18. Qg4+ Kh8 19. f4 Nf6 20. Qh3 exf4 21. gxf4 N8d7 22. Kh1 Rg8 23. Ne2 Nf8 24. e5 N6h7 25. Rg3 Rxg3 26. Nxg3 b5 27. axb5 axb5 28. Nh5 bxc4 29. Rg1 Rxb2 30. e6 Bxh4 31. Bxh7 Kxh7 32. Qf5+ Kh8 33. Qxf7 Nxe6 34. Qxe6 Bg3 35. Rxg3 Qh4+ 36. Qh3 Qxh3+ 37. Rxh3 Rb3 38. Rh2 c3 39. Rc2 Rb1+ 40. Kg2 Rb2 0-1

[Event "Speed Chess Q2"]
[Site "Chess.com INT"]
[Date "2022.11.12"]
[Round "10"]
[White "Kabanova, Ekaterina"]
[Black "Ezat, Mohamed Mahmoud"]
[Result "1-0"]
[WhiteElo "2088"]
[BlackElo "2404"]
[PlyCount "91"]
[EventDate "2022.11.12"]
[EventType "swiss (blitz)"]
[EventRounds "14"]
[EventCountry "USA"]
[SourceTitle "CBM 211 Extra"]
[Source "ChessBase"]
[SourceDate "2023.01.31"]
[SourceVersion "1"]
[SourceVersionDate "2023.01.31"]
[SourceQuality "1"]

1. c4 e5 2. e3 Nc6 3. a3 Nf6 4. Qc2 d5 5. cxd5 Nxd5 6. Nf3 a6 7. b4 Be7 8. b5 axb5 9. Bxb5 0-0 10. Bb2 Bf6 11. 0-0 e4 12. Bxf6 Qxf6 13. Qxe4 Qxa1 14. Qxd5 Be6 15. Qh5 h6 16. d4 Ra5 17. a4 Bc4 18. Re1 Qb2 19. Nbd2 Bxb5 20. axb5 Rxb5 21. Qg4 Qc2 22. Qd7 Rb2 23. Rf1 b5 24. g4 b4 25. d5 Nb8 26. Qe7 b3 27. Ne4 Rb1 28. g5 Rxf1+ 29. Kxf1 b2 30. Nfd2 Qd3+ 31. Kg2 Qxd5 32. gxh6 gxh6 33. f3 Qe6 34. Nf6+ Kg7 35. Nh5+ Kg6 36. Nf4+ Kf5 37. Nxe6 Rg8+ 38. Kf2 Nc6 39. Qxf7+ Ke5 40. Nd4 Nxd4 41. exd4+ Kxd4 42. Qxg8 Kd3 43. Qb3+ Kxd2 44. Qxb2+ Kd1 45. Ke3 c5 46. Qd2# 1-0

[Event "Speed Chess Q2"]
[Site "Chess.com INT"]
[Date "2022.11.12"]
[Round "13"]
[White "Kabanova, Ekaterina"]
[Black "Grycel, Kamil"]
[Result "0-1"]
[WhiteElo "2088"]
[BlackElo "2315"]
[PlyCount "72"]
[EventDate "2022.11.12"]
[EventType "swiss (blitz)"]
[EventRounds "14"]
[EventCountry "USA"]
[SourceTitle "CBM 211 Extra"]
[Source "ChessBase"]
[SourceDate "2023.01.31"]
[SourceVersion "1"]
[SourceVersionDate "2023.01.31"]
[SourceQuality "1"]

1. c4 b6 2. e3 Bb7 3. a3 e6 4. b4 a5 5. bxa5 Rxa5 6. Bb2 f5 7. Nf3 Nf6 8. Be2 Be7 9. 0-0 0-0 10. d3 Nc6 11. Nbd2 Qa8 12. Nb3 Ra4 13. Qc1 Qa7 14. Re1 Ra8 15. c5 Na5 16. Nxa5 Rxa5 17. cxb6 Qxb6 18. Rb1 Qc6 19. Qd2 Qa6 20. e4 Qa7 21. Rec1 fxe4 22. Bd4 c5 23. Bc3 exf3 24. Bxa5 fxe2 25. Bb6 Qxa3 26. Qxe2 Bc6 27. d4 cxd4 28. Bxd4 Qa2 29. Rb2 Qd5 30. Rxc6 Ra1+ 31. Qf1 Rxf1+ 32. Kxf1 Qxc6 33. Be3 Qc4+ 34. Re2 Nd5 35. Ke1 Bb4+ 36. Kd1 Nc3+ 0-1

[Event "Speed Chess Q2"]
[Site "Chess.com INT"]
[Date "2022.11.12"]
[Round "5"]
[White "Kabanova, Ekaterina"]
[Black "Vemparala, Nikash"]
[Result "1-0"]
[WhiteElo "2088"]
[BlackElo "1976"]
[PlyCount "89"]
[EventDate "2022.11.12"]
[EventType "swiss (blitz)"]
[EventRounds "14"]
[EventCountry "USA"]
[SourceTitle "CBM 211 Extra"]
[Source "ChessBase"]
[SourceDate "2023.01.31"]
[SourceVersion "1"]
[SourceVersionDate "2023.01.31"]
[SourceQuality "1"]

1. c4 c6 2. e3 d5 3. Qc2 Nf6 4. a3 e6 5. Nf3 Bd6 6. b4 0-0 7. Bb2 Nbd7 8. h4 h5 9. Ng5 e5 10. Be2 e4 11. d3 exd3 12. Bxd3 Ne5 13. cxd5 cxd5 14. Bh7+ Kh8 15. Bf5 Bxf5 16. Qxf5 Qe7 17. Nc3 g6 18. Qc2 Kg8 19. Rd1 Neg4 20. Nxd5 Nxd5 21. Rxd5 Nxe3 22. fxe3 Qxe3+ 23. Qe2 Bg3+ 24. Kf1 Qf4+ 25. Nf3 Rfe8 26. Re5 Rxe5 27. Qxe5 Qc4+ 28. Qe2 Qb3 29. Rh3 Bf4 30. Ng5 Qd5 31. Rd3 Qf5 32. Kg1 Bxg5 33. hxg5 Qxg5 34. Qe5 Qxe5 35. Bxe5 Re8 36. Bf4 Kg7 37. Rd7 Re1+ 38. Kf2 Ra1 39. Rxb7 Rxa3 40. Be3 a6 41. Ra7 Kf6 42. b5 a5 43. b6 a4 44. Bc5 Ke6 45. Bxa3 1-0

[Event "Speed Chess Q2"]
[Site "Chess.com INT"]
[Date "2022.11.12"]
[Round "7"]
[White "Melian, Juan Sebastian"]
[Black "Kabanova, Ekaterina"]
[Result "1-0"]
[WhiteElo "2150"]
[BlackElo "2088"]
[PlyCount "31"]
[EventDate "2022.11.12"]
[EventType "swiss (blitz)"]
[EventRounds "14"]
[EventCountry "USA"]
[SourceTitle "CBM 211 Extra"]
[Source "ChessBase"]
[SourceDate "2023.01.31"]
[SourceVersion "1"]
[SourceVersionDate "2023.01.31"]
[SourceQuality "1"]

1. d4 c5 2. d5 e5 3. Nc3 a6 4. a4 d6 5. e4 Ne7 6. g3 Ng6 7. Bg2 Be7 8. Nf3 Bg4 9. h3 Bxf3 10. Bxf3 0-0 11. 0-0 f5 12. exf5 Rxf5 13. Bg4 Rf8 14. Be6+ Kh8 15. Qh5 Bg5 16. Bxg5 1-0

[Event "Titled Tuesday intern op 25th Oct Late"]
[Site "Chess.com INT"]
[Date "2022.10.25"]
[Round "3"]
[White "Becerra, Juan David"]
[Black "Kabanova, Ekaterina"]
[Result "0-1"]
[WhiteElo "2296"]
[BlackElo "2088"]
[PlyCount "74"]
[EventDate "2022.10.25"]
[EventType "swiss (blitz)"]
[EventRounds "11"]
[EventCountry "USA"]
[SourceTitle "EXT 2024"]
[Source "ChessBase"]
[SourceDate "2023.10.10"]
[SourceVersion "1"]
[SourceVersionDate "2023.10.10"]
[SourceQuality "1"]

1. d4 c5 2. e3 e6 3. Nc3 a6 4. a4 Nf6 5. Nf3 b6 6. e4 cxd4 7. Nxd4 Qc7 8. Bd2 Bb7 9. Bd3 d6 10. 0-0 Nbd7 11. Kh1 Be7 12. f4 h5 13. e5 dxe5 14. fxe5 Qxe5 15. Nf3 Qc7 16. Qe2 Bc5 17. Ne4 Nxe4 18. Bxe4 Nf6 19. Bxb7 Qxb7 20. Bc3 h4 21. Ng5 Be7 22. Rad1 h3 23. Rf3 hxg2+ 24. Qxg2 Rd8 25. Rxd8+ Bxd8 26. Kg1 b5 27. Kf1 b4 28. Bd4 Qd5 29. c3 bxc3 30. bxc3 Rh4 31. Nxf7 Qc4+ 32. Kf2 Kxf7 33. Rxf6+ gxf6 34. Qb7+ Be7 35. Qf3 Rxh2+ 36. Kg3 Qc7+ 37. Kg4 f5+ 0-1